Harry Potter Hogwarts Students (WARNING EXTREMELY HARD) - Statistics

General Stats
  • This quiz has been taken 2,162 times
    2,147 since last reset
  • The average score is 33 of 74
Answer Stats
House Answer % Correct
Gryffindor Harry Potter
99%
Gryffindor Ron Weasley
98%
Gryffindor Hermione Granger
97%
Gryffindor Fred Weasley
94%
Gryffindor George Weasley
93%
Gryffindor Ginny Weasley
92%
Gryffindor Neville Longbottom
90%
Slytherin Draco Malfoy
89%
Gryffindor Dean Thomas
88%
Gryffindor Percy Weasley
88%
Ravenclaw Cho Chang
84%
Gryffindor Seamus Finnigan
84%
Ravenclaw Luna Lovegood
82%
Slytherin Vincent Crabbe
82%
Slytherin Gregory Goyle
80%
Gryffindor Parvati Patil
79%
Hufflepuff Cedric Diggory
78%
Gryffindor Lavender Brown
77%
Gryffindor Oliver Wood
77%
Gryffindor Katie Bell
76%
Slytherin Pansy Parkinson
76%
Gryffindor Angelina Johnson
75%
Ravenclaw Padma Patil
73%
Gryffindor Colin Creevey
72%
Hufflepuff Hannah Abbott
69%
Slytherin Blaise Zabini
66%
Gryffindor Alicia Spinnet
64%
Gryffindor Dennis Creevey
64%
Hufflepuff Susan Bones
64%
Gryffindor Lee Jordan
63%
Gryffindor Cormac McLaggen
57%
Slytherin Marcus Flint
54%
Hufflepuff Justin Finch-Fletchley
53%
Slytherin Millicent Bulstrode
51%
Hufflepuff Zacharias Smith
49%
Ravenclaw Terry Boot
47%
Ravenclaw Michael Corner
45%
Gryffindor Romilda Vane
44%
Ravenclaw Penelope Clearwater
41%
Ravenclaw Marietta Edgecombe
39%
Slytherin Theodore Nott
39%
Hufflepuff Roger Davies
35%
Ravenclaw Anthony Goldstein
33%
Gryffindor Demelza Robins
28%
Gryffindor Jimmy Peakes
26%
Slytherin Adrian Pucey
23%
Gryffindor Jack Sloper
23%
Hufflepuff SURNAME Leanne
23%
SURNAME ONLY Slytherin Montague
22%
Gryffindor Ritchie Coote
22%
Hufflepuff Ernie Macmillian
21%
SURNAME ONLY Slytherin Warrington
17%
Gryffindor Andrew Kirke
16%
Gryffindor Eloise Midgen
13%
Gryffindor Euan Abercrombie
12%
Slytherin Miles Bletchley
9%
Slytherin Terence Higgs
8%
Slytherin SURNAME Bole
4%
Slytherin SURNAME Derrick
4%
Hufflepuff Rose Zeller
4%
Hufflepuff SURNAME Cadwallader
3%
Ravenclaw Eddie Carmichael
3%
Hufflepuff Eleanor Branstone
3%
Hufflepuff Kevin Whitby
3%
Hufflepuff Laura Madley
3%
Slytherin Malcolm Baddock
3%
Ravenclaw Orla Quirke
3%
Hufflepuff Owen Cauldwell
3%
Hufflepuff SURNAME Summerby
3%
Slytherin Graham Pritchard
2%
Slytherin SURNAME Vaisey
2%
Hufflepuff Gabriel Truman
1%
Ravenclaw Harold Dingle
1%
Ravenclaw Stewart Ackerly
1%
No matching quizzes found
Score Distribution
Percent of People with Each Score
Percentile by Number Answered
Your Score History
You have not taken this quiz since the last reset